A Textbook of Business Finance (Record no. 2741)
[ view plain ]
| 000 -LEADER | |
|---|---|
| fixed length control field | 00377nam a22001217a 4500 |
| 008 - FIXED-LENGTH DATA ELEMENTS--GENERAL INFORMATION | |
| fixed length control field | 230626b xxu||||| |||| 00| 0 eng d |
| 082 ## - DEWEY DECIMAL CLASSIFICATION NUMBER | |
| Classification number | 332.04 |
| Item number | HUS |
| 100 ## - MAIN ENTRY--PERSONAL NAME | |
| Titles and words associated with a name | Ashiq Hussain |
| 245 ## - TITLE STATEMENT | |
| Title | A Textbook of Business Finance |
| Remainder of title | Including past Examination Questions fully solved |
| 260 ## - PUBLICATION, DISTRIBUTION, ETC. (IMPRINT) | |
| Place of publication, distribution, etc. | Kijabe street |
| Name of publisher, distributor, etc. | Heinemann Educational Books ltd |
| Date of publication, distribution, etc. | 1985 |
| 300 ## - PHYSICAL DESCRIPTION | |
| Extent | 234p |
| 942 ## - ADDED ENTRY ELEMENTS (KOHA) | |
| Source of classification or shelving scheme | Dewey Decimal Classification |
| Koha item type | Books |
| Withdrawn status | Lost status | Source of classification or shelving scheme | Damaged status | Not for loan | Home library | Current library | Date acquired | Total Checkouts | Full call number | Barcode | Date last seen | Price effective from | Koha item type |
|---|---|---|---|---|---|---|---|---|---|---|---|---|---|
| Dewey Decimal Classification | County Hall Archives | County Hall Archives | 06/26/2023 | 332.04 HUS | 10001147 | 06/26/2023 | 06/26/2023 | Books |
